000 00353 a2200169 4500
001 68915
020 _a8516032671
040 _cAnchieta - Itaigara
100 _aMuniz, Flávia
240 1 0 _aA caixa maluca
_lpor
245 1 0 _aA caixa maluca
300 _a31
362 0 _a2002
440 1 _aModerna
650 4 _aLiteratura infantil
942 _cBK
999 _c68915
_d68915